000 00489nam a2200181Ia 4500
005 20250326124008.0
008 250326s9999 xx 000 0 und d
037 _aTextbook
040 _aFMSL
_beng
_cFMSL
041 _aeng
_2eng
084 _aX K51
_qFMSL
100 _aGrey A L
_9736572
245 0 _aEconomic issues and policies
_cGrey A L; Elliott J E
260 _aNY
_bNY, Houghton Mifflin
_c1965
300 _a548p
942 _cTB
_hX K51
999 _c1271806
_d1271806